Better than the movies / (Record no. 9555)
[ view plain ]
| 000 -LEADER | |
|---|---|
| fixed length control field | 01832nam a22002297a 4500 |
| 001 - CONTROL NUMBER | |
| control field | 9555 |
| 003 - CONTROL NUMBER IDENTIFIER | |
| control field | FISKH |
| 005 - DATE AND TIME OF LATEST TRANSACTION | |
| control field | 20260123115503.0 |
| 008 - FIXED-LENGTH DATA ELEMENTS--GENERAL INFORMATION | |
| fixed length control field | 260123b cb ||||| |||| 00| 0 eng d |
| 020 ## - INTERNATIONAL STANDARD BOOK NUMBER | |
| International Standard Book Number | 9781398536517 |
| 040 ## - CATALOGING SOURCE | |
| Original cataloging agency | FISKH |
| Language of cataloging | eng |
| Transcribing agency | FISKH |
| Modifying agency | FISKH |
| 050 ## - LIBRARY OF CONGRESS CALL NUMBER | |
| Classification number | PZ7.1 .P352 .B |
| 082 ## - DEWEY DECIMAL CLASSIFICATION NUMBER | |
| Classification number | 813.6 |
| 100 ## - MAIN ENTRY--PERSONAL NAME | |
| Personal name | Painter, Lynn |
| 245 ## - TITLE STATEMENT | |
| Title | Better than the movies / |
| Statement of responsibility, etc. | Lynn Painter |
| 260 ## - PUBLICATION, DISTRIBUTION, ETC. | |
| Place of publication, distribution, etc. | London : |
| Name of publisher, distributor, etc. | Simon & Schuster, |
| Date of publication, distribution, etc. | 2021 |
| 300 ## - PHYSICAL DESCRIPTION | |
| Extent | 347 pages : |
| Dimensions | 20 cm |
| 520 ## - SUMMARY, ETC. | |
| Summary, etc. | Perfect for fans of Kasie West and Jenn Bennett, this "sweet and funny" (Kerry Winfrey, author of Waiting for Tom Hanks) teen rom-com follows a hopelessly romantic teen girl and her cute yet obnoxious neighbor as they scheme to get her noticed by her untouchable crush.<br/>Perpetual daydreamer Liz Buxbaum gave her heart to Michael a long time ago. But her cool, aloof forever crush never really saw her before he moved away. Now that he's back in town, Liz will do whatever it takes to get on his radar and maybe snag him as a prom dateeven befriend Wes Bennet. The annoyingly attractive next-door neighbor might seem like a prime candidate for romantic comedy fantasies, but Wes has only been a pain in Liz's butt since they were kids. Pranks involving frogs and decapitated lawn gnomes do not a potential boyfriend make. Yet, somehow, Wes and Michael are hitting it off, which means Wes is Liz's in. But as Liz and Wes scheme to get Liz noticed by Michael so she can have her magical prom moment, she's shocked to discover that she likes being around Wes. And as they continue to grow closer, she must reexamine everything she thought she knew about loveand rethink her own ideas of what Happily Ever After should look like. |
| 650 ## - SUBJECT ADDED ENTRY--TOPICAL TERM | |
| Topical term or geographic name entry element | Contemporary Romance |
| Form subdivision | High school |
| General subdivision | Enemies to lovers |
| 942 ## - ADDED ENTRY ELEMENTS (KOHA) | |
| Source of classification or shelving scheme | Dewey Decimal Classification |
| Koha item type | Books |
| Suppress in OPAC | No |
| Withdrawn status | Lost status | Source of classification or shelving scheme | Damaged status | Not for loan | Collection | Home library | Current library | Shelving location | Date acquired | Total Checkouts | Full call number | Barcode | Date last seen | Date last checked out | Copy number | Price effective from | Koha item type |
|---|---|---|---|---|---|---|---|---|---|---|---|---|---|---|---|---|---|
| Dewey Decimal Classification | Fiction | Footprints International School Library Network Toul Kork Campus | Footprints International School Library Network Toul Kork Campus | A TK Campus, 4th Floor, Room B401, Fiction Bookcases (1-6) | 01/23/2026 | 1 | PAI 813.6 PZ7.1 .P352 .B | 2026-0072 | 04/29/2026 | 02/25/2026 | 1 | 01/23/2026 | Books |
